000 00644nam a2200217Ia 4500
003 GCL
008 140319s9999 xx 000 0 ara d
040 _aGCL /
_cGCL
082 0 4 _a344.02
_bم ن
245 1 0 _aالانسان فى مصر - الفكر والحق والمجتمع
260 _a[S.N] :
_bدار المعارف ،
_c1986
300 _a311 ص
490 _a
650 0 4 _aالقانون
650 0 4 _aالتنمية الاجتماعية
650 0 4 _aحقوق الانسان
650 0 4 _aالاجتماع
650 0 4 _aالتأمين الاجتماعى
650 0 4 _aالقانون الاجتماعى
942 _2ddc
_cBK
999 _c58604
_d58604